Germany UEFA European Championships XIs - Statistics

General Stats
  • This quiz has been taken 337 times
  • The average score is 48 of 102
Answer Stats
Answer % Correct
Dieter Müller
99%
Gerd Müller
99%
Thomas Müller
99%
Hansi Müller
98%
Manuel Neuer
97%
Philipp Lahm
92%
Oliver Kahn
91%
Jérôme Boateng
90%
Toni Kroos
90%
Mats Hummels
89%
Miroslav Klose
89%
Bastian Schweinsteiger
88%
Joshua Kimmich
88%
Jamal Musiala
87%
Franz Beckenbauer
85%
Kai Havertz
83%
Mario Gómez
83%
Mesut Özil
83%
Antonio Rüdiger
81%
İlkay Gündoğan
81%
Sami Khedira
81%
Lothar Matthäus
79%
Florian Wirtz
78%
Jens Lehmann
78%
Lukas Podolski
78%
Michael Ballack
77%
Serge Gnabry
73%
Jürgen Klinsmann
71%
Karl-Heinz Rummenigge
68%
Per Mertesacker
68%
Rudi Völler
64%
Jonathan Tah
63%
Robert Andrich
57%
Andreas Brehme
54%
Sepp Maier
54%
Torsten Frings
53%
Matthias Sammer
52%
Christoph Metzelder
49%
Julian Draxler
49%
Jonas Hector
47%
Arne Friedrich
46%
Harald Schumacher
46%
Uli Hoeneß
46%
Holger Badstuber
44%
Bernd Schneider
43%
Jürgen Kohler
43%
Maximilian Mittelstädt
43%
Stefan Effenberg
43%
Bodo Illgner
42%
Andreas Köpke
40%
Paul Breitner
40%
Robin Gosens
40%
Andreas Möller
39%
Mehmet Scholl
39%
Carsten Jancker
38%
Matthias Ginter
36%
Thomas Linke
36%
Berti Vogts
35%
Christian Ziege
35%
Kevin Kurányi
35%
Thomas Häßler
35%
Dietmar Hamann
34%
Jupp Heynckes
32%
Karl-Heinz Riedle
32%
Bernd Schuster
30%
Günter Netzer
30%
Jens Jeremies
30%
Jens Nowotny
29%
Pierre Littbarski
28%
Christian Wörns
27%
Thomas Hitzlsperger
27%
Guido Buchwald
26%
Hans-Georg Schwarzenbeck
26%
Stefan Reuter
26%
Thomas Helmer
26%
Markus Babbel
25%
Horst Hrubesch
23%
Olaf Thon
23%
Ulf Kirsten
23%
Klaus Allofs
22%
Stefan Kuntz
22%
Uli Stielike
22%
Rainer Bonhof
21%
Bernd Förster
20%
Frank Baumann
20%
Karlheinz Förster
20%
Bernd Hölzenbein
19%
Dieter Eilts
18%
Eike Immel
17%
Hans-Peter Briegel
17%
Manfred Kaltz
17%
Norbert Meier
16%
Horst-Dieter Höttges
14%
Bernard Dietz
13%
Herbert Wimmer
12%
Wolfgang Rolff
11%
Erwin Kremers
9%
Matthias Herget
9%
Erich Beer
7%
Manfred Binz
4%
No matching quizzes found
Score Distribution
Percent of People with Each Score
Percentile by Number Answered
Your Score History
You have not taken this quiz